[Event "World Youth & Cadets Blitz Championships"]
[Site "Rhodes, Greece"]
[Date "2022.05.03"]
[Round "3.10"]
[White "Krawczyk, Flawian"]
[Black "Lavrencic, Matic"]
[Result "1-0"]
[TimeControl "5'/game & 2\"/move"]
[WhiteElo "1883"]
[BlackElo "2037"]

1. d4 {[%clk 00:05:03]} Nf6 {[%clk 00:05:02]} {[%emt 00:00:02]} 2. c4 {[%clk
00:05:05]} e6 {[%clk 00:05:03]} {[%emt 00:00:01]} 3. Nf3 {[%clk 00:05:06]} d5
{[%clk 00:05:03]} {[%emt 00:00:03]} 4. g3 {[%clk 00:05:07]} {[%emt 00:00:01]}
dxc4 {[%clk 00:05:03]} {[%emt 00:00:02]} 5. Bg2 {[%clk 00:05:08]} {[%emt
00:00:01]} c5 {[%clk 00:05:04]} 6. O-O {[%clk 00:05:00]} {[%emt 00:00:08]} Nc6
{[%clk 00:05:04]} {[%emt 00:00:03]} 7. dxc5 {[%clk 00:04:34]} {[%emt 00:00:28]}
Qxd1 {[%clk 00:05:04]} {[%emt 00:00:02]} 8. Rxd1 {[%clk 00:04:35]} Bxc5 {[%clk
00:05:05]} {[%emt 00:00:02]} 9. Nbd2 {[%clk 00:04:27]} {[%emt 00:00:09]} c3
{[%clk 00:05:05]} {[%emt 00:00:02]} 10. bxc3 {[%clk 00:04:28]} O-O {[%clk
00:05:05]} {[%emt 00:00:02]} 11. Nb3 {[%clk 00:04:29]} {[%emt 00:00:02]} Be7
{[%clk 00:05:05]} {[%emt 00:00:01]} 12. Nfd4 {[%clk 00:04:27]} {[%emt
00:00:04]} Nxd4 {[%clk 00:05:05]} {[%emt 00:00:02]} 13. cxd4 {[%clk 00:04:28]}
{[%emt 00:00:01]} Nd5 {[%clk 00:05:06]} {[%emt 00:00:02]} 14. Bd2 {[%clk
00:04:16]} {[%emt 00:00:15]} f5 {[%clk 00:05:04]} {[%emt 00:00:03]} 15. Rac1
{[%clk 00:04:03]} {[%emt 00:00:15]} Bf6 {[%clk 00:04:35]} {[%emt 00:00:31]} 16.
f3 {[%clk 00:03:42]} {[%emt 00:00:23]} Bd7 {[%clk 00:03:13]} {[%emt 00:01:24]}
17. e4 {[%clk 00:03:39]} {[%emt 00:00:04]} Nb6 {[%clk 00:03:02]} {[%emt
00:00:14]} 18. Bb4 {[%clk 00:03:29]} {[%emt 00:00:11]} Rfc8 {[%clk 00:02:26]}
{[%emt 00:00:39]} 19. exf5 {[%clk 00:03:03]} {[%emt 00:00:28]} exf5 {[%clk
00:02:18]} {[%emt 00:00:10]} 20. f4 {[%clk 00:03:04]} Rxc1 {[%clk 00:01:45]}
{[%emt 00:00:35]} 21. Rxc1 {[%clk 00:03:05]} Be6 {[%clk 00:01:45]} {[%emt
00:00:01]} 22. Bxb7 {[%clk 00:02:00]} {[%emt 00:01:07]} Rb8 {[%clk 00:01:44]}
{[%emt 00:00:04]} 23. Bf3 {[%clk 00:01:47]} {[%emt 00:00:14]} Na4 {[%clk
00:00:51]} {[%emt 00:00:56]} 24. Bd6 {[%clk 00:01:18]} {[%emt 00:00:32]} Rb6
{[%clk 00:00:31]} {[%emt 00:00:22]} 25. Be5 {[%clk 00:01:19]} Bxb3 {[%clk
00:00:22]} {[%emt 00:00:11]} 26. axb3 {[%clk 00:01:20]} Nb2 {[%clk 00:00:18]}
{[%emt 00:00:06]} 27. Rc7 {[%clk 00:00:54]} {[%emt 00:00:28]} a5 {[%clk
00:00:12]} {[%emt 00:00:09]} 28. Ra7 {[%clk 00:00:53]} {[%emt 00:00:02]} Bxe5
{[%clk 00:00:08]} {[%emt 00:00:05]} 29. fxe5 {[%clk 00:00:52]} {[%emt
00:00:04]} Nd3 {[%clk 00:00:07]} {[%emt 00:00:04]} 30. Bd5+ {[%clk 00:00:45]}
{[%emt 00:00:08]} Kf8 {[%clk 00:00:08]} 31. Bc4 {[%clk 00:00:34]} {[%emt
00:00:13]} Nb2 {[%clk 00:00:05]} {[%emt 00:00:05]} 32. Rxa5 {[%clk 00:00:33]}
{[%emt 00:00:03]} Rb4 {[%clk 00:00:05]} {[%emt 00:00:02]} 33. Rc5 {[%clk
00:00:32]} {[%emt 00:00:03]} 1-0

[Event "World Youth & Cadets Blitz Championships"]
[Site "Rhodes, Greece"]
[Date "2022.05.03"]
[Round "3.11"]
[White "Badacsonyi, Stanley"]
[Black "Sapenov, Daniyal"]
[Result "1/2-1/2"]
[TimeControl "5'/game & 2\"/move"]
[WhiteElo "1948"]
[BlackElo "1877"]

1. d4 {[%clk 00:05:03]} Nf6 {[%clk 00:05:03]} {[%emt 00:00:01]} 2. Nc3 {[%clk
00:05:04]} d5 {[%clk 00:05:04]} {[%emt 00:00:01]} 3. Bf4 {[%clk 00:05:05]}
{[%emt 00:00:01]} c5 {[%clk 00:05:05]} {[%emt 00:00:01]} 4. e3 {[%clk
00:05:06]} {[%emt 00:00:01]} cxd4 {[%clk 00:05:05]} {[%emt 00:00:01]} 5. exd4
{[%clk 00:05:07]} {[%emt 00:00:01]} a6 {[%clk 00:05:05]} {[%emt 00:00:01]} 6.
Nf3 {[%clk 00:05:08]} {[%emt 00:00:03]} Nc6 {[%clk 00:05:02]} {[%emt 00:00:04]}
7. Ne5 {[%clk 00:05:09]} Bd7 {[%clk 00:05:03]} {[%emt 00:00:01]} 8. Ne2 {[%clk
00:05:10]} {[%emt 00:00:02]} e6 {[%clk 00:04:01]} {[%emt 00:01:04]} 9. c3
{[%clk 00:05:10]} {[%emt 00:00:02]} Nxe5 {[%clk 00:03:57]} {[%emt 00:00:07]} 10.
Bxe5 {[%clk 00:05:07]} {[%emt 00:00:03]} Bb5 {[%clk 00:03:50]} {[%emt
00:00:09]} 11. a4 {[%clk 00:05:04]} {[%emt 00:00:05]} Bxe2 {[%clk 00:03:50]}
{[%emt 00:00:02]} 12. Bxe2 {[%clk 00:05:05]} Bd6 {[%clk 00:03:52]} {[%emt
00:00:01]} 13. f4 {[%clk 00:05:04]} {[%emt 00:00:03]} O-O {[%clk 00:03:42]}
{[%emt 00:00:12]} 14. O-O {[%clk 00:05:03]} {[%emt 00:00:02]} Ne4 {[%clk
00:03:37]} {[%emt 00:00:07]} 15. Bd3 {[%clk 00:05:00]} {[%emt 00:00:05]} f5
{[%clk 00:03:37]} {[%emt 00:00:02]} 16. Bxe4 {[%clk 00:04:55]} {[%emt
00:00:07]} fxe4 {[%clk 00:03:35]} {[%emt 00:00:04]} 17. Qg4 {[%clk 00:04:55]}
{[%emt 00:00:02]} Qe7 {[%clk 00:03:27]} {[%emt 00:00:10]} 18. Bxd6 {[%clk
00:04:42]} {[%emt 00:00:16]} Qxd6 {[%clk 00:03:28]} {[%emt 00:00:01]} 19. f5
{[%clk 00:04:43]} exf5 {[%clk 00:03:25]} {[%emt 00:00:05]} 20. Rxf5 {[%clk
00:04:43]} {[%emt 00:00:02]} Rxf5 {[%clk 00:03:26]} {[%emt 00:00:01]} 21. Qxf5
{[%clk 00:04:43]} {[%emt 00:00:01]} Rf8 {[%clk 00:03:27]} {[%emt 00:00:02]} 22.
Qh5 {[%clk 00:04:40]} {[%emt 00:00:03]} g6 {[%clk 00:03:25]} {[%emt 00:00:06]}
23. Qg5 {[%clk 00:04:39]} {[%emt 00:00:02]} Rf5 {[%clk 00:03:26]} {[%emt
00:00:02]} 24. Qg4 {[%clk 00:04:36]} {[%emt 00:00:04]} Qf6 {[%clk 00:03:22]}
{[%emt 00:00:06]} 25. h3 {[%clk 00:04:33]} {[%emt 00:00:05]} Kg7 {[%clk
00:03:21]} {[%emt 00:00:03]} 26. Qg3 {[%clk 00:04:28]} {[%emt 00:00:07]} Rf4
{[%clk 00:03:22]} {[%emt 00:00:02]} 27. Qe3 {[%clk 00:04:22]} {[%emt 00:00:07]}
Qg5 {[%clk 00:03:08]} {[%emt 00:00:17]} 28. Qe2 {[%clk 00:04:20]} {[%emt
00:00:04]} Qf5 {[%clk 00:02:48]} {[%emt 00:00:22]} 29. Rf1 {[%clk 00:04:11]}
{[%emt 00:00:10]} Rxf1+ {[%clk 00:02:48]} {[%emt 00:00:02]} 30. Qxf1 {[%clk
00:04:12]} Kf6 {[%clk 00:02:02]} {[%emt 00:00:49]} 31. Qe2 {[%clk 00:03:51]}
{[%emt 00:00:23]} Qf4 {[%clk 00:02:01]} {[%emt 00:00:03]} 32. Qc2 {[%clk
00:03:31]} {[%emt 00:00:21]} Qe3+ {[%clk 00:01:39]} {[%emt 00:00:24]} 33. Kh1
{[%clk 00:03:24]} {[%emt 00:00:09]} Qd3 {[%clk 00:01:25]} {[%emt 00:00:17]} 34.
Qf2+ {[%clk 00:03:19]} {[%emt 00:00:07]} Kg7 {[%clk 00:01:16]} {[%emt
00:00:10]} 35. Qh4 {[%clk 00:03:17]} {[%emt 00:00:04]} Qf1+ {[%clk 00:01:05]}
{[%emt 00:00:14]} 36. Kh2 {[%clk 00:03:18]} {[%emt 00:00:01]} Qf6 {[%clk
00:01:05]} {[%emt 00:00:02]} 37. Qg4 {[%clk 00:03:18]} {[%emt 00:00:01]} Qd6+
{[%clk 00:01:03]} {[%emt 00:00:04]} 38. Kh1 {[%clk 00:03:17]} {[%emt 00:00:04]}
Qe7 {[%clk 00:01:02]} {[%emt 00:00:02]} 39. Qe2 {[%clk 00:03:09]} {[%emt
00:00:10]} h5 {[%clk 00:01:01]} {[%emt 00:00:03]} 40. b3 {[%clk 00:03:10]}
{[%emt 00:00:01]} Qa3 {[%clk 00:00:55]} {[%emt 00:00:08]} 41. Qe3 {[%clk
00:03:04]} {[%emt 00:00:08]} Qxb3 {[%clk 00:00:47]} {[%emt 00:00:11]} 42. Qg5
{[%clk 00:03:05]} {[%emt 00:00:01]} b5 {[%clk 00:00:20]} {[%emt 00:00:29]} 43.
Qe7+ {[%clk 00:03:01]} {[%emt 00:00:06]} Kh6 {[%clk 00:00:21]} 44. Qf8+ {[%clk
00:03:01]} {[%emt 00:00:02]} Kh7 {[%clk 00:00:17]} {[%emt 00:00:07]} 45. Qf7+
{[%clk 00:02:57]} {[%emt 00:00:06]} Kh6 {[%clk 00:00:17]} 46. Qf8+ {[%clk
00:02:25]} {[%emt 00:00:34]} Kh7 {[%clk 00:00:18]} 1/2-1/2

[Event "World Youth & Cadets Blitz Championships"]
[Site "Rhodes, Greece"]
[Date "2022.05.03"]
[Round "3.12"]
[White "Uritsky, Yonathan"]
[Black "Gurel, Ediz"]
[Result "0-1"]
[TimeControl "5'/game & 2\"/move"]
[WhiteElo "1922"]
[BlackElo "1726"]

1. e4 {[%clk 00:05:02]} {[%emt 00:00:01]} c5 {[%clk 00:05:03]} {[%emt
00:00:01]} 2. Nf3 {[%clk 00:05:03]} {[%emt 00:00:01]} e6 {[%clk 00:05:05]}
{[%emt 00:00:01]} 3. d4 {[%clk 00:05:04]} cxd4 {[%clk 00:05:06]} {[%emt
00:00:01]} 4. Nxd4 {[%clk 00:05:05]} {[%emt 00:00:01]} Nc6 {[%clk 00:05:07]}
{[%emt 00:00:01]} 5. Nc3 {[%clk 00:05:05]} {[%emt 00:00:01]} Qc7 {[%clk
00:05:07]} {[%emt 00:00:02]} 6. g3 {[%clk 00:05:06]} {[%emt 00:00:01]} a6
{[%clk 00:05:07]} {[%emt 00:00:02]} 7. Bg2 {[%clk 00:05:07]} Nf6 {[%clk
00:05:08]} {[%emt 00:00:01]} 8. O-O {[%clk 00:05:06]} {[%emt 00:00:02]} Be7
{[%clk 00:05:09]} {[%emt 00:00:01]} 9. Re1 {[%clk 00:05:06]} {[%emt 00:00:03]}
O-O {[%clk 00:05:06]} {[%emt 00:00:05]} 10. Nxc6 {[%clk 00:04:54]} {[%emt
00:00:14]} dxc6 {[%clk 00:05:06]} {[%emt 00:00:02]} 11. e5 {[%clk 00:04:42]}
{[%emt 00:00:14]} Rd8 {[%clk 00:04:55]} {[%emt 00:00:13]} 12. Qe2 {[%clk
00:04:38]} {[%emt 00:00:06]} Nd5 {[%clk 00:04:54]} {[%emt 00:00:03]} 13. Bd2
{[%clk 00:04:25]} {[%emt 00:00:15]} b5 {[%clk 00:04:40]} {[%emt 00:00:17]} 14.
a3 {[%clk 00:04:09]} {[%emt 00:00:17]} Bb7 {[%clk 00:04:28]} {[%emt 00:00:14]}
15. Rad1 {[%clk 00:04:04]} {[%emt 00:00:07]} Nxc3 {[%clk 00:03:58]} {[%emt
00:00:32]} 16. Bxc3 {[%clk 00:04:04]} {[%emt 00:00:02]} c5 {[%clk 00:03:59]}
{[%emt 00:00:01]} 17. Bxb7 {[%clk 00:03:40]} {[%emt 00:00:26]} Qxb7 {[%clk
00:03:59]} {[%emt 00:00:02]} 18. Ba5 {[%clk 00:03:26]} {[%emt 00:00:15]} Rxd1
{[%clk 00:03:33]} {[%emt 00:00:29]} 19. Rxd1 {[%clk 00:03:27]} {[%emt
00:00:01]} b4 {[%clk 00:03:04]} {[%emt 00:00:30]} 20. Qd3 {[%clk 00:03:21]}
{[%emt 00:00:08]} Bf8 {[%clk 00:02:54]} {[%emt 00:00:12]} 21. f4 {[%clk
00:02:52]} {[%emt 00:00:32]} bxa3 {[%clk 00:02:28]} {[%emt 00:00:28]} 22. bxa3
{[%clk 00:02:44]} {[%emt 00:00:09]} c4 {[%clk 00:02:28]} {[%emt 00:00:04]} 23.
Qe3 {[%clk 00:02:15]} {[%emt 00:00:30]} Rc8 {[%clk 00:01:59]} {[%emt 00:00:30]}
24. Bb4 {[%clk 00:01:54]} {[%emt 00:00:22]} Bxb4 {[%clk 00:01:55]} {[%emt
00:00:08]} 25. axb4 {[%clk 00:01:55]} {[%emt 00:00:01]} Qxb4 {[%clk 00:01:55]}
{[%emt 00:00:02]} 26. Kf2 {[%clk 00:01:08]} {[%emt 00:00:49]} h6 {[%clk
00:01:52]} {[%emt 00:00:04]} 27. Rd7 {[%clk 00:01:06]} {[%emt 00:00:05]} Qa4
{[%clk 00:01:01]} {[%emt 00:00:53]} 28. Qd2 {[%clk 00:01:01]} {[%emt 00:00:07]}
Qc6 {[%clk 00:00:51]} {[%emt 00:00:12]} 29. Rd8+ {[%clk 00:00:20]} {[%emt
00:00:43]} Rxd8 {[%clk 00:00:52]} 30. Qxd8+ {[%clk 00:00:21]} {[%emt 00:00:01]}
Kh7 {[%clk 00:00:53]} 31. Qd4 {[%clk 00:00:17]} {[%emt 00:00:06]} a5 {[%clk
00:00:44]} {[%emt 00:00:11]} 32. Ke3 {[%clk 00:00:17]} {[%emt 00:00:02]} a4
{[%clk 00:00:43]} {[%emt 00:00:03]} 33. Kd2 {[%clk 00:00:17]} {[%emt 00:00:02]}
a3 {[%clk 00:00:30]} {[%emt 00:00:16]} 34. Kc3 {[%clk 00:00:16]} {[%emt
00:00:03]} Qb5 {[%clk 00:00:18]} {[%emt 00:00:14]} 35. Qe4+ {[%clk 00:00:15]}
{[%emt 00:00:02]} g6 {[%clk 00:00:18]} {[%emt 00:00:02]} 36. Qa8 {[%clk
00:00:09]} {[%emt 00:00:08]} Qb2+ {[%clk 00:00:19]} {[%emt 00:00:01]} 37. Kxc4
{[%clk 00:00:09]} {[%emt 00:00:02]} a2 {[%clk 00:00:17]} {[%emt 00:00:03]} 38.
Qa7 {[%clk 00:00:08]} {[%emt 00:00:03]} Kg7 {[%clk 00:00:14]} {[%emt 00:00:05]}
39. Qe7 {[%clk 00:00:07]} {[%emt 00:00:04]} a1=Q {[%emt 00:00:08]} 40. Qf6+
{[%clk 00:00:07]} {[%emt 00:00:02]} Kg8 {[%clk 00:00:16]} 0-1

[Event "World Youth & Cadets Blitz Championships"]
[Site "Rhodes, Greece"]
[Date "2022.05.03"]
[Round "3.13"]
[White "Mamedov, Edgar"]
[Black "Erdogmus, Yagiz Kaan"]
[Result "0-1"]
[TimeControl "5'/game & 2\"/move"]
[WhiteElo "2027"]
[BlackElo "1813"]

1. d4 {[%clk 00:05:03]} Nf6 {[%clk 00:05:02]} {[%emt 00:00:02]} 2. c4 {[%clk
00:05:04]} {[%emt 00:00:01]} g6 {[%clk 00:05:03]} {[%emt 00:00:01]} 3. Nc3
{[%clk 00:05:05]} {[%emt 00:00:01]} d5 {[%clk 00:05:04]} {[%emt 00:00:01]} 4.
cxd5 {[%clk 00:05:05]} {[%emt 00:00:02]} Nxd5 {[%clk 00:05:05]} {[%emt
00:00:01]} 5. e4 {[%clk 00:05:06]} Nxc3 {[%clk 00:05:05]} {[%emt 00:00:02]} 6.
bxc3 {[%clk 00:05:06]} {[%emt 00:00:01]} Bg7 {[%clk 00:05:06]} {[%emt
00:00:02]} 7. Bc4 {[%clk 00:05:07]} {[%emt 00:00:01]} c5 {[%clk 00:05:07]} 8.
Ne2 {[%clk 00:05:07]} {[%emt 00:00:01]} Nc6 {[%clk 00:05:08]} {[%emt 00:00:02]}
9. Be3 {[%clk 00:05:08]} O-O {[%clk 00:05:07]} {[%emt 00:00:03]} 10. O-O {[%clk
00:05:07]} {[%emt 00:00:03]} b6 {[%clk 00:05:01]} {[%emt 00:00:07]} 11. Bd5
{[%clk 00:04:40]} {[%emt 00:00:29]} Bb7 {[%clk 00:03:57]} {[%emt 00:01:06]} 12.
Bxc6 {[%clk 00:04:21]} {[%emt 00:00:21]} Bxc6 {[%clk 00:03:56]} {[%emt
00:00:04]} 13. d5 {[%clk 00:04:22]} Bb5 {[%clk 00:03:45]} {[%emt 00:00:12]} 14.
Rc1 {[%clk 00:04:05]} {[%emt 00:00:19]} Bc4 {[%clk 00:03:39]} {[%emt 00:00:08]}
15. Qd2 {[%clk 00:04:05]} {[%emt 00:00:02]} f5 {[%clk 00:02:24]} {[%emt
00:01:18]} 16. Rfd1 {[%clk 00:03:09]} {[%emt 00:00:58]} fxe4 {[%clk 00:02:03]}
{[%emt 00:00:23]} 17. Nf4 {[%clk 00:03:08]} {[%emt 00:00:03]} Qd6 {[%clk
00:00:40]} {[%emt 00:01:24]} 18. Ne6 {[%clk 00:02:38]} {[%emt 00:00:32]} Rf5
{[%clk 00:00:38]} {[%emt 00:00:05]} 19. Bf4 {[%clk 00:02:23]} {[%emt 00:00:17]}
Be5 {[%clk 00:00:29]} {[%emt 00:00:11]} 20. Bxe5 {[%clk 00:01:58]} {[%emt
00:00:27]} Qxe5 {[%clk 00:00:29]} {[%emt 00:00:02]} 21. g3 {[%clk 00:01:46]}
{[%emt 00:00:13]} Bxd5 {[%clk 00:00:26]} {[%emt 00:00:06]} 22. Nf4 {[%clk
00:01:41]} {[%emt 00:00:07]} Bc6 {[%clk 00:00:24]} {[%emt 00:00:04]} 23. Qe3
{[%clk 00:01:39]} {[%emt 00:00:04]} Raf8 {[%clk 00:00:22]} {[%emt 00:00:03]} 24.
Rd2 {[%clk 00:01:36]} {[%emt 00:00:05]} g5 {[%clk 00:00:23]} {[%emt 00:00:02]}
25. Nh3 {[%clk 00:01:25]} {[%emt 00:00:13]} h6 {[%clk 00:00:23]} {[%emt
00:00:01]} 26. Qe2 {[%clk 00:01:06]} Rf3 {[%clk 00:00:20]} {[%emt 00:00:27]} 27.
Re1 {[%clk 00:00:56]} Qf5 {[%clk 00:00:16]} {[%emt 00:00:18]} 28. Qc4+ {[%clk
00:00:47]} Kg7 {[%clk 00:00:16]} {[%emt 00:00:13]} 0-1

[Event "World Youth & Cadets Blitz Championships"]
[Site "Rhodes, Greece"]
[Date "2022.05.03"]
[Round "3.14"]
[White "Shevchenko, Yaroslav"]
[Black "Dotzer, Lukas"]
[Result "1/2-1/2"]
[TimeControl "5'/game & 2\"/move"]
[WhiteElo "1600"]
[BlackElo "2026"]

1. d4 {[%clk 00:05:02]} {[%emt 00:00:01]} Nf6 {[%clk 00:05:03]} {[%emt
00:00:02]} 2. c4 {[%clk 00:05:02]} {[%emt 00:00:01]} e6 {[%clk 00:05:04]}
{[%emt 00:00:01]} 3. g3 {[%clk 00:05:03]} {[%emt 00:00:01]} Bb4+ {[%clk
00:05:04]} {[%emt 00:00:02]} 4. Bd2 {[%clk 00:05:03]} {[%emt 00:00:01]} Qe7
{[%clk 00:04:59]} {[%emt 00:00:08]} 5. Bg2 {[%clk 00:05:02]} {[%emt 00:00:02]}
Nc6 {[%clk 00:04:58]} 6. e3 {[%clk 00:05:01]} {[%emt 00:00:06]} O-O {[%clk
00:04:49]} 7. Nf3 {[%clk 00:04:49]} {[%emt 00:00:25]} Bxd2+ {[%clk 00:04:18]} 8.
Qxd2 {[%clk 00:04:49]} {[%emt 00:00:36]} d6 {[%clk 00:04:18]} 9. O-O {[%clk
00:04:41]} {[%emt 00:00:09]} e5 {[%clk 00:04:15]} 10. d5 {[%clk 00:04:02]}
{[%emt 00:00:48]} Nb8 {[%clk 00:04:11]} {[%emt 00:00:07]} 11. Nc3 {[%clk
00:04:00]} Bg4 {[%clk 00:03:57]} {[%emt 00:00:19]} 12. b4 {[%clk 00:03:43]} a5
{[%clk 00:03:33]} {[%emt 00:00:46]} 13. a3 {[%emt 00:00:53]} Nbd7 14. h3 {[%clk
00:02:54]} Bxf3 {[%clk 00:03:07]} 15. Bxf3 {[%emt 00:00:46]} Nb6 {[%emt
00:00:09]} 16. Qd3 {[%clk 00:02:20]} {[%emt 00:00:34]} Nfd7 {[%clk 00:02:25]}
{[%emt 00:00:25]} 17. Bg4 {[%clk 00:01:54]} {[%emt 00:00:27]} g6 {[%clk
00:01:39]} {[%emt 00:00:48]} 18. e4 {[%clk 00:01:46]} {[%emt 00:00:09]} Kg7
{[%clk 00:01:37]} {[%emt 00:00:05]} 19. h4 {[%clk 00:01:37]} {[%emt 00:00:11]}
f5 {[%clk 00:01:10]} {[%emt 00:00:29]} 20. exf5 {[%clk 00:01:32]} {[%emt
00:00:08]} e4 {[%clk 00:01:11]} {[%emt 00:00:01]} 21. Qd4+ {[%clk 00:01:24]}
{[%emt 00:00:09]} Qe5 {[%clk 00:01:07]} {[%emt 00:00:07]} 22. f6+ {[%clk
00:01:02]} {[%emt 00:00:23]} Rxf6 {[%clk 00:00:49]} {[%emt 00:00:21]} 23. Qxe4
{[%clk 00:00:50]} {[%emt 00:00:13]} Qxc3 {[%clk 00:00:45]} {[%emt 00:00:07]} 24.
Bxd7 {[%clk 00:00:22]} {[%emt 00:00:30]} Nxd7 {[%clk 00:00:44]} {[%emt
00:00:03]} 25. Rfe1 {[%clk 00:00:17]} {[%emt 00:00:06]} Ne5 {[%clk 00:00:31]}
{[%emt 00:00:16]} 26. Kg2 {[%clk 00:00:15]} {[%emt 00:00:03]} Raf8 {[%clk
00:00:25]} {[%emt 00:00:09]} 27. f4 {[%emt 00:00:03]} Nxc4 28. Rac1 Qd2+ 29.
Kh3 {[%clk 00:00:14]} 1/2-1/2

[Event "World Youth & Cadets Blitz Championships"]
[Site "Rhodes, Greece"]
[Date "2022.05.03"]
[Round "3.15"]
[White "Kuru, Atilla"]
[Black "Tureshbayev, Anuar"]
[Result "1-0"]
[TimeControl "5'/game & 2\"/move"]
[WhiteElo "2023"]
[BlackElo "1660"]

1. e4 {[%clk 00:05:03]} c5 {[%clk 00:05:03]} {[%emt 00:00:02]} 2. Nf3 {[%clk
00:05:03]} {[%emt 00:00:01]} d6 {[%clk 00:05:04]} {[%emt 00:00:02]} 3. d4
{[%clk 00:05:04]} {[%emt 00:00:01]} cxd4 {[%clk 00:05:04]} {[%emt 00:00:02]} 4.
Nxd4 {[%clk 00:05:04]} {[%emt 00:00:01]} Nf6 {[%clk 00:05:04]} {[%emt
00:00:02]} 5. Nc3 {[%clk 00:05:04]} {[%emt 00:00:02]} g6 {[%clk 00:05:05]}
{[%emt 00:00:01]} 6. f3 {[%clk 00:05:04]} {[%emt 00:00:02]} Bg7 {[%clk
00:05:05]} {[%emt 00:00:02]} 7. Be3 {[%clk 00:05:05]} {[%emt 00:00:01]} O-O
{[%clk 00:05:03]} {[%emt 00:00:04]} 8. Qd2 {[%clk 00:05:06]} {[%emt 00:00:02]}
Nc6 {[%clk 00:05:03]} {[%emt 00:00:02]} 9. O-O-O {[%clk 00:05:05]} {[%emt
00:00:02]} d5 {[%clk 00:05:04]} {[%emt 00:00:02]} 10. Bb5 {[%clk 00:04:35]}
{[%emt 00:00:31]} Nxd4 {[%clk 00:03:37]} {[%emt 00:01:29]} 11. Qxd4 {[%clk
00:04:34]} {[%emt 00:00:02]} a6 {[%clk 00:02:22]} {[%emt 00:01:18]} 12. Ba4
{[%clk 00:04:30]} {[%emt 00:00:06]} b5 {[%clk 00:02:23]} {[%emt 00:00:02]} 13.
Bb3 {[%clk 00:04:30]} {[%emt 00:00:01]} Be6 {[%clk 00:02:18]} {[%emt 00:00:08]}
14. e5 {[%clk 00:04:13]} {[%emt 00:00:19]} Nd7 {[%clk 00:01:24]} {[%emt
00:00:56]} 15. f4 {[%clk 00:04:13]} {[%emt 00:00:01]} Rc8 {[%clk 00:00:59]}
{[%emt 00:00:27]} 16. Bxd5 {[%clk 00:03:53]} {[%emt 00:00:22]} Nc5 {[%clk
00:00:17]} {[%emt 00:00:44]} 17. Bxe6 {[%clk 00:03:45]} {[%emt 00:00:10]} Nxe6
{[%clk 00:00:15]} {[%emt 00:00:05]} 18. Qxd8 {[%clk 00:03:40]} {[%emt
00:00:06]} Rfxd8 {[%clk 00:00:15]} {[%emt 00:00:02]} 19. Rxd8+ {[%clk
00:03:31]} {[%emt 00:00:11]} Rxd8 {[%clk 00:00:16]} {[%emt 00:00:02]} 20. Rd1
{[%clk 00:03:31]} {[%emt 00:00:01]} 1-0